Status hadits sebagai dasar tasjri.̕ (Record no. 89028)
[ view plain ]
| 000 -LEADER | |
|---|---|
| fixed length control field | 00680cam a22002291 4500 |
| 001 - CONTROL NUMBER | |
| control field | sa 68019714 |
| 003 - CONTROL NUMBER IDENTIFIER | |
| control field | DLC |
| 005 - DATE AND TIME OF LATEST TRANSACTION | |
| control field | 20260227112719.0 |
| 008 - FIXED-LENGTH DATA ELEMENTS--GENERAL INFORMATION | |
| fixed length control field | 740327s1965 xx 000 0 ind |
| 010 ## - LIBRARY OF CONGRESS CONTROL NUMBER | |
| LC control number | sa 68019714 |
| 035 ## - SYSTEM CONTROL NUMBER | |
| System control number | (OCoLC)843635 |
| 040 ## - CATALOGING SOURCE | |
| Original cataloging agency | DLC |
| Transcribing agency | OAU |
| Modifying agency | DLC |
| 042 ## - AUTHENTICATION CODE | |
| Authentication code | premarc |
| 050 00 - LIBRARY OF CONGRESS CALL NUMBER | |
| Classification number | BP135 |
| Item number | .U5 |
| 100 1# - MAIN ENTRY--PERSONAL NAME | |
| Personal name | Umarie, Barmawie. |
| 245 10 - TITLE STATEMENT | |
| Title | Status hadits sebagai dasar tasjri.̕ |
| 260 ## - PUBLICATION, DISTRIBUTION, ETC. | |
| Place of publication, distribution, etc. | Solo, ʻʻAb. Siti-Sjamsijahʼʼ |
| Date of publication, distribution, etc. | [1965] |
| 300 ## - PHYSICAL DESCRIPTION | |
| Extent | 94 p. |
| Dimensions | 19 cm. |
| 500 ## - GENERAL NOTE | |
| General note | ʻʻNaskah ini mulanja berupa skripsi jang kami adjukan pada FakultasSjari'ah I. A. I. N., Jogjakarta.ʼʼ |
| 504 ## - BIBLIOGRAPHY, ETC. NOTE | |
| Bibliography, etc. note | Bibliography: p. 93-94. |
| 650 #0 - SUBJECT ADDED ENTRY--TOPICAL TERM | |
| Topical term or geographic name entry element | Hadith. |
No items available.